| 000 | 00414nam a2200169Ia 4500 | ||
|---|---|---|---|
| 008 | 210716s2004 xx 000 0 und d | ||
| 020 | _a8178812819 | ||
| 041 | _aeng | ||
| 082 | _a332.12 RAOK | ||
| 100 | _aRao, Katuri Nageswara. | ||
| 245 | _aNew basel accord. | ||
| 250 | _a1 | ||
| 260 |
_aIndia _bThe ICFAI University _c2004 |
||
| 300 | _a170,A.11 | ||
| 650 | _aFinance | ||
| 700 | _aRao, Katuri Nageswara. | ||
| 999 |
_c202431 _d202431 |
||